| 000 | 01270cab a22002055a 4500 | ||
|---|---|---|---|
| 001 | L138577 | ||
| 008 | 070622e20070622xxk f f000 0 eng d | ||
| 035 | _a(Sirsi) u138577 | ||
| 041 | 0 | _aeng | |
| 110 | 1 |
_aUnited Kingdom _bOffice of Fair Trading _94767 |
|
| 245 | 0 | 0 |
_aOFT launches groundbreaking study into UK housebuilding market _h[electronic resource] |
| 260 | _c2007 | ||
| 490 |
_aOFT Press Release _v22 June 2007 |
||
| 520 | _aAnnounces the launch of a study into the UK housebuilding industry. The study is to consider potential competition and market consumer concerns. It will question the effectiveness of the planning process in allowing suitable land to be developed. Analysis will be made of whether such land is being effectively converted into residences. Customer satisfaction with the resulting home market will be analysed. Recommendations to government or market sector regulators may be made if the OFT feels from the study that this is warranted. It is currently concerned that the market is failing consumers. | ||
| 590 | _aKA NTK | ||
| 651 | 4 |
_aUnited Kingdom _y |
|
| 690 | _aBUILT ENVIRONMENT-CONSTRUCTION MARKET | ||
| 856 | 4 | 0 |
_uhttps://www.oft.gov.uk/news/press/2007/90-07 _zView the article free of charge at www.oft.gov.uk... |
| 942 | _n0 | ||
| 999 |
_c78917 _d78917 |
||